TOP 100 waardevolle voetballers (update) - Statistieken

Algemene statistieken
  • Deze quiz is 372 keer genomen
    105 sinds de laatste reset
  • De gemiddelde score is 37 van 100
Antwoordstatistieken
Land Competitie Marktwaarde Antwoord % Correct
3 Frankrijk La Liga 200 m Kylian Mbappe
99%
2 Noorwegen Premier League 200 m Erling Haaland
96%
1 Spanje La Liga 200 m Lamine Yamal
94%
63 Nederland Premier League 65 m Mickey van de Ven
93%
6 Engeland La Liga 150 m Jude Bellingham
79%
4 Spanje La Liga 150 m Pedri
78%
5 Brazilie La Liga 150 m Vinicius Junior
78%
7 Frankrijk Bundesliga 140 m Michael Olise
76%
73 Engeland Bundesliga 65 m Harry Kane
73%
8 Duitsland Bundesliga 120 m Jamal Musiala
67%
10 Uruguay La Liga 120 m Federico Valverde
66%
20 Frankrijk Ligue 1 100 m Ousmane Dembele
63%
14 Duitsland Premier League 110 m Florian Wirtz
61%
19 Zweden Premier League 100 m Alexander Isak
60%
22 Turkije La Liga 90 m Arda Guler
60%
38 Marokko Ligue 1 80 m Achraf Hakimi
57%
9 Engeland Premier League 120 m Bukayo Saka
57%
16 Portugal Ligue 1 110 m Vitinha
55%
21 Frankrijk Ligue 1 90 m Desire Doue
54%
18 Hongarije Premier League 100 m Dominik Szoboszlai
54%
37 Engeland Premier League 80 m Phil Foden
54%
11 Engeland Premier League 120 m Declan Rice
52%
66 Nederland Premier League 65 m Cody Gakpo
51%
12 Ecuador Premier League 110 m Moises Caicedo
51%
69 Spanje Premier League 65 m Rodri
51%
24 Argentinie Premier League 90 m Enzo Fernandez
49%
13 Portugal Ligue 1 110 m Joao Neves
49%
45 Portugal Ligue 1 75 m Nuno Mendes
49%
25 Argentinie La Liga 90 m Julian Alvarez
48%
51 Frankrijk Ligue 1 70 m Bradley Barcola
46%
15 Engeland Premier League 110 m Cole Palmer
46%
26 Georgie Ligue 1 90 m Khvicha Kvaratskhelia
45%
29 Argentinie Serie A 85 m Lautaro Martinez
45%
23 Frankrijk Premier League 90 m Hugo Ekitike
42%
54 Colombia Bundesliga 70 m Luis Diaz
42%
28 Nederland Premier League 90 m Ryan Gravenberch
42%
27 Frankrijk Premier League 90 m William Saliba
42%
36 Brazilie La Liga 80 m Raphinha
40%
70 Zweden Premier League 65 m Viktor Gyokeres
40%
48 Brazilie Premier League 75 m Gabriel
39%
64 Belgie Premier League 65 m Jeremy Doku
39%
71 Noorwegen Premier League 65 m Martin Odegaard
37%
31 Spanje La Liga 80 m Pau Cubarsi
37%
62 Frankrijk Premier League 65 m Rayan Cherki
36%
52 Ecuador Ligue 1 70 m Willian Pacho
36%
35 Kameroen Premier League 80 m Bryan Mbeumo
34%
85 Egypte Premier League 60 m Omar Marmoush
34%
44 Brazilie Premier League 75 m Joao Pedro
33%
74 Duitsland Bundesliga 60 m Lennart Karl
33%
32 Argentinie Premier League 80 m Alexis MacAllister
31%
61 Slovenie Premier League 65 m Benjamin Sesko
31%
17 Spanje La Liga 100 m Fermin Lopez
31%
56 Nederland Premier League 70 m Jurrien Timber
31%
39 Italie Premier League 80 m Sandro Tonali
31%
72 Engeland La Liga 65 m Trent Alexander-Arnold
31%
88 VS Serie A 60 m Christian Pulisic
30%
60 Spanje La Liga 65 m Dean Huijsen
30%
41 Turkije Serie A 75 m Kenan Yildiz
30%
84 Nederland Premier League 60 m Tijjani Reijnders
30%
50 Nigeria Super Lig 75 m Victor Osimhen
30%
58 Frankrijk Bundesliga 70 m Dayot Upamecano
28%
53 Brazilie Premier League 70 m Matheus Cunha
28%
49 Frankrijk La Liga 75 m Aurelien Tchouameni
25%
55 Kroatie Premier League 70 m Josko Gvardiol
25%
93 Spanje La Liga 55 m Alejandro Balde
24%
30 Brazilie Premier League 80 m Estevao
24%
91 Italie Serie A 60 m Nicolo Barella
22%
57 Portugal Serie A 70 m Rafael Leao
22%
43 Italie Serie A 75 m Alessandro Bastoni
21%
80 Engeland Premier League 60 m Anthony Gordon
21%
46 Ghana Premier League 75 m Antoine Semenyo
21%
82 Engeland Premier League 60 m Eberechi Eze
21%
67 Frankrijk La Liga 65 m Jules Kounde
21%
87 Frankrijk Serie A 60 m Marcus Thuram
21%
94 Ghana Premier League 55 m Mohamed Kudus
21%
42 Duitsland Bundesliga 75 m Aleksandar Pavlovic
19%
89 Spanje La Liga 60 m Dani Olmo
19%
34 Spanje Premier League 80 m Martin Zubimendi
19%
90 Portugal Premier League 60 m Ruben Dias
19%
65 Duitsland Premier League 65 m Nick Woltemade
18%
81 Portugal Premier League 60 m Pedro Neto
18%
99 Frankrijk Ligue 1 50 m Warren Zaire-Emery
18%
47 Brazilie Premier League 75 m Bruno Guimaraes
16%
68 Engeland Premier league 65 m Marc Guehi
15%
83 Engeland Premier League 60 m Reece James
15%
98 Engeland Premier League 50 m Kobbie Mainoo
13%
33 Engeland Premier League 80 m Morgan Rogers
13%
86 Engeland Premier League 60 m Morgan Gibbs-White
12%
100 Engeland Premier League 50 m Nico O'Reilly
12%
59 Argentinie Serie A 65 m Nico Paz
12%
40 Ivoorkust Bundesliga 75 m Yan Diomande
12%
76 Spanje La Liga 60 m Alvaro Carreras
10%
92 Kameroen Premier League 55 m Carlos Baleba
10%
97 Frankrijk Premier League 50 m Leny Yoro
10%
78 Engeland Premier League 60 m Adam Wharton
9%
95 Duitsland Bundesliga 55 m Nico Schlotterbeck
9%
77 Spanje La Liga 60 m Pablo Barrios
7%
79 Engeland Premier League 60 m Eliot Anderson
6%
75 Kroatie Bundesliga 60 m Luka Vuskovic
4%
96 Brazilie Premier League 50 m Murillo
3%
Geen overeenkomende quizzen gevonden
Scoreverdeling
Procent van Mensen met Elke Score
Percentiel versus Aantal Correcte Antwoorden
Uw Scoregeschiedenis
U heeft deze quiz nog niet genomen sinds de laatste reset